000
00231 a2200097 4500
001
31555
100
_a
Symonds, Richard
245
_a
The Making of Pakistan
260
_a
Lahore
_b
Islamic Book Service
_c
1998
090
_c
21411
_d
21411
942
_a
NUST-CAE
_c
M
_c
12683
999
_c
266628
_d
266628